=LDR 00000nam 2200000 4500 =001 INLIS000000000048607 =005 20161129105856.0 =006 =007 =008 =020 ##$$a 979-788-028-1 =035 ##$$0010-111600000000186 =040 ##$$a ind =082 ##$$a 658 =090 ##$$a 658.5 $b Kur =100 ##$$a Kurniawan =245 ##$$a Manajemen Strategik Dalam Organisasi =250 ##$$a cet.1 =260 ##$$a Jakarta $b Buku Kita $c 2008 =300 ##$$a 111 hlm $b 20 cm =850 ##$$a NBPDMAT =990 ##$$a 0001/BPAP-NTB/2016 =990 ##$$a 0001/BPAP-NTB/2016 =990 ##$$a 0001/BPAP-NTB/2016